000 00410 a2200169 4500
001 186358
020 _a85-08-07041-1
040 _cMagnum
100 _aBrezina, Thomas
240 1 0 _aQuem está perseguindo Zero-Zero-Au?
_lpor
245 1 0 _aQuem está perseguindo Zero-Zero-Au?
300 _a103
362 0 _a1996
440 1 _aÁtica
697 _aLITERATURA INFANTO-JUVENIL ESTRANGEIRA
942 _cBK
999 _c186358
_d186358